000 01412nam a2200349 c 4500
700 _aРайкова, Деница Иванова
_d1977 -
_gпреводач от англ. език, автор на кратка проза
_eпрев.
_9262557
999 _c326815
_d326815
003 BLK
005 20250715101414.0
008 180411b bul|||||r ||||||| ||bul||
010 _aKNG00198468000
020 _a978-954-783-252-7
040 _aBLK
041 _aBUL
_cBUL
072 7 _2bullib
_aН83
_xЧужда художествена литература Н
080 _aАмериканска литература (на САЩ)
_b821.111(73)
_x-31
_z821.111(73)-31
100 1 _aУайзбъргър, Лорън
_eпърви автор
_9132067
139 _aУайзбъргър, Лорън
_bУ 13
245 1 0 _aКогато животът те хване натясно
_bРоман
_cЛорън Уайзбъргър; прев. Деница Райкова.
257 _aUSA
260 _bIntense
_c2016
_fСофия : Алианс принт
300 _a400 с.
_c21 см
380 _aX
490 1 _aБиблиотека Sic vita est
_v6
500 _aОриг. загл. / Lauren Weisberger. - За авторката.
653 _aромани
659 _aН
852 _bП
_cП 820(73)-31/У 13
856 4 _qpdf
856 4 _qpdf
942 _cKNG
_n0
_049
944 _k30530
_lМинев Младен